000 01239pam a2200325 a 4500
001 3922131
003 OSt
005 20250930130126.0
008 920227s1992 ilua 000 0 eng
010 _a 92009730
020 _a0842347577 :
_c$10.95
020 _a9780842347570
035 _a3922131
040 _aDLC
_cDLC
_dDLC
050 0 0 _aBT108
_b.R45 1992
082 0 0 _a248.8/45
_220
100 1 _aReimer, Kathie,
_d1945-
_958706
245 1 0 _a1001 ways to introduce your child to God /
_cKathie Reimer ; illustrations by Ben Mahan.
260 _aWheaton, Ill. :
_bTyndale House,
_cc1992.
300 _a303 p. :
_bill. ;
650 0 _aGod (Christianity)
_xStudy and teaching.
_958707
650 0 _aChristian education of children.
_958708
650 0 _aChristian education
_xTeaching methods.
_958709
740 0 _aOne thousand one ways to introduce your child to God.
740 0 _aOne thousand and one ways to introduce your child to God.
906 _a7
_bcbc
_corignew
_d1
_eocip
_f19
_gy-gencatlg
942 _2lcc
_cBK
999 _c68691
_d68665